| 000 | 00538nam a2200181Ia 4500 | ||
|---|---|---|---|
| 008 | 140626s9999 xx 000 0 und d | ||
| 100 | _aSher, K. | ||
| 245 |
_aAlcohol use trajectories and the ubiquitous cat's cradle : _bcause for concern / _cK. Sher ... [et al.]. |
||
| 260 | _cc2011. | ||
| 300 | _a120 : 2, page 322 | ||
| 440 | _aJournal of Abnormal Psychology | ||
| 521 | _aPSYCH | ||
| 650 | _aAlcohol use. | ||
| 650 | _aGrowth mixture modeling. | ||
| 650 | _aLongitudinal research. | ||
| 650 | _aTrajectories. | ||
| 942 | _cSE | ||
| 999 |
_c121286 _d121286 |
||